German Words for Animals (Europe) - Statistics

General Stats
  • This quiz has been taken 8 times
  • The average score is 15 of 22
Answer Stats
English Answer % Correct
Mouse Maus
100%
Wolf Wolf
100%
Fox Fuchs
88%
Owl Eule
75%
(Fire) Salamander (Feuer)Salamander
75%
Lynx Luchs
75%
Narwhal Narwal
75%
Otter Otter
75%
Reindeer Rentier
75%
Weasel Wiesel
75%
Squirrel Eichhörnchen
63%
Cod Kabeljau
63%
Toad Kröte
63%
Snowy Owl Schneeeule
63%
Wild Boar Wildschwein
63%
Adder Addierer/Addiergleid/Natter
50%
Badger Dachs
50%
Hedgehog Igel
50%
Puffin Papageientaucher/Lund
50%
Ibex Steinbock
50%
Wolverine Vielfraß
50%
Arctic Fox Polarfuchs
38%
No matching quizzes found
Score Distribution
Percent of People with Each Score
Percentile by Number Answered
Your Score History
You have not taken this quiz